[Event "FISU World University"]
[Site "Tornelo INT"]
[Date "2020.10.28"]
[Round "9.13"]
[White "Da Silva Araujo, Gabriel Victor"]
[Black "Mukhit, Aisezym"]
[Result "0-1"]
[WhiteElo "2011"]
[BlackElo "1919"]
[PlyCount "54"]
[EventDate "2020.10.26"]
[EventType "team-swiss (rapid)"]
[EventRounds "9"]
[EventCountry "NET"]
[SourceTitle "CBM 199 Extra"]
[Source "ChessBase"]
[SourceDate "2021.01.31"]
[SourceVersion "1"]
[SourceVersionDate "2021.01.31"]
[SourceQuality "1"]
[WhiteTeam "Brazil II"]
[BlackTeam "Kazakhstan III"]
[WhiteTeamCountry "BRA"]
[BlackTeamCountry "KAZ"]

1. Nf3 c5 2. c4 b6 3. g3 Bb7 4. Bg2 e6 5. 0-0 Qc7 6. Nc3 Nf6 7. b3 a6 8. Bb2 Be7 9. Rc1 d6 10. e3 Nbd7 11. d4 cxd4 12. exd4 0-0 13. Re1 Rac8 14. Nd2 Bxg2 15. Kxg2 Qb7+ 16. Qf3 Qb8 17. a4 Rfe8 18. Nf1 h5 19. Ne3 Bf8 20. h3 g6 21. g4 Bh6 22. Rcd1 Bg5 23. Rh1 d5 24. cxd5 e5 25. gxh5 e4 26. Qg3 Bf4 27. Qh4 g5 0-1

[Event "Samara Polugaevsky Memorial 7th"]
[Site "Samara"]
[Date "2017.07.09"]
[Round "2"]
[White "Mukhit, Aisezym"]
[Black "Tolstykh, Arina"]
[Result "1-0"]
[WhiteElo "1991"]
[BlackElo "1495"]
[PlyCount "73"]
[EventDate "2017.07.08"]
[EventType "swiss"]
[EventRounds "9"]
[EventCountry "RUS"]
[SourceTitle "EXT 2018"]
[Source "ChessBase"]
[SourceDate "2017.10.13"]
[SourceVersion "1"]
[SourceVersionDate "2017.10.13"]
[SourceQuality "1"]

1. e4 c5 2. Nf3 Nc6 3. Bb5 g6 4. 0-0 Bg7 5. Re1 e5 6. Bxc6 bxc6 7. d3 Ne7 8. Be3 d6 9. h3 0-0 10. Nbd2 Rb8 11. a3 Rxb2 12. Nb3 Be6 13. Bc1 Rxb3 14. cxb3 a5 15. Be3 Qd7 16. Ng5 Rb8 17. Rb1 Bh6 18. Nxe6 Bxe3 19. fxe3 Qxe6 20. d4 cxd4 21. exd4 exd4 22. Qxd4 Rxb3 23. Rxb3 Qxb3 24. Qxd6 Qc3 25. Re2 Qc4 26. Kf2 Qe6 27. Qxe6 fxe6 28. Rc2 Kf7 29. Rc5 a4 30. Rc4 Kf6 31. Rxa4 Ke5 32. Ke3 c5 33. Ra6 h5 34. h4 Nc8 35. Rc6 Nd6 36. Rxc5+ Kf6 37. e5+ 1-0

[Event "KAZ-ch (Women)"]
[Site "Almaty"]
[Date "2017.04.07"]
[Round "5"]
[White "Mukhit, Aisezym"]
[Black "Bauyrzhan, Arnash"]
[Result "1-0"]
[WhiteElo "2016"]
[BlackElo "2050"]
[PlyCount "89"]
[EventDate "2017.04.03"]
[EventType "tourn"]
[EventRounds "9"]
[EventCountry "KAZ"]
[SourceTitle "CBM 177 Extra"]
[Source "ChessBase"]
[SourceDate "2017.04.27"]
[SourceVersion "1"]
[SourceVersionDate "2017.04.27"]
[SourceQuality "1"]

1. d4 Nf6 2. c4 e6 3. Nc3 Bb4 4. e3 b6 5. Bd3 Bb7 6. Nge2 0-0 7. a3 Bxc3+ 8. Nxc3 d5 9. cxd5 exd5 10. 0-0 c5 11. Bc2 Nc6 12. Qd3 Qd7 13. Rd1 Ne7 14. dxc5 bxc5 15. e4 d4 16. e5 Qc6 17. Qh3 Bc8 18. Qh4 Bb7 19. f3 Ng6 20. Bxg6 fxg6 21. exf6 dxc3 22. fxg7 Rf7 23. Bh6 Re8 24. bxc3 c4 25. Re1 Qc5+ 26. Qf2 Qxf2+ 27. Kxf2 Rfe7 28. Rxe7 Rxe7 29. Rd1 Bc6 30. Rd8+ Be8 31. Rc8 Re6 32. h4 a6 33. Rxc4 g5 34. hxg5 Bf7 35. Rc8+ Re8 36. Rxe8+ Bxe8 37. Ke3 a5 38. Kd4 a4 39. c4 Kf7 40. Kd5 Bd7 41. c5 Be6+ 42. Kd6 Bc8 43. c6 Be6 44. g8Q+ Kxg8 45. Kxe6 1-0

[Event "Pavlodar op"]
[Site "Pavlodar"]
[Date "2016.11.25"]
[Round "6"]
[White "Egorov, Evgeni"]
[Black "Mukhit, Aisezym"]
[Result "1-0"]
[WhiteElo "2361"]
[BlackElo "2057"]
[PlyCount "87"]
[EventDate "2016.11.21"]
[EventType "swiss"]
[EventRounds "10"]
[EventCountry "KAZ"]
[SourceTitle "EXT 2018"]
[Source "ChessBase"]
[SourceDate "2017.10.13"]
[SourceVersion "1"]
[SourceVersionDate "2017.10.13"]
[SourceQuality "1"]

1. e4 d6 2. Nc3 e5 3. f4 Nf6 4. Nf3 Bg4 5. Bc4 Be7 6. fxe5 Bxf3 7. Qxf3 dxe5 8. d3 Nc6 9. 0-0 0-0 10. Kh1 Nd4 11. Qd1 Qd7 12. Be3 c6 13. a4 Qg4 14. Qd2 Qh5 15. h3 Ng4 16. Bg1 Bg5 17. Qd1 Nf6 18. Bxd4 exd4 19. Qxh5 Nxh5 20. Ne2 Be3 21. c3 dxc3 22. bxc3 Rae8 23. Rf3 Bg5 24. Raf1 Nf6 25. Rf5 Bd2 26. g4 Re7 27. Kg2 Nd7 28. d4 Nb6 29. Bb3 Nd5 30. Bxd5 cxd5 31. Rd1 Be3 32. exd5 Rc8 33. Re5 Kf8 34. Kf3 Bh6 35. Rb1 b6 36. a5 Rxe5 37. dxe5 Rc5 38. axb6 axb6 39. Ke4 b5 40. d6 Ke8 41. Kd4 Rc4+ 42. Kd5 Bd2 43. Rxb5 Rc8 44. c4 1-0

[Event "Olympiad Women-42"]
[Site "Baku"]
[Date "2016.09.12"]
[Round "10.4"]
[White "Aranaz Murillo, Amalia"]
[Black "Mukhit, Aisezym"]
[Result "1-0"]
[WhiteElo "2279"]
[BlackElo "2065"]
[PlyCount "95"]
[EventDate "2016.09.02"]
[EventType "team-swiss"]
[EventRounds "11"]
[EventCountry "AZE"]
[SourceTitle "CBM 174 Extra"]
[Source "ChessBase"]
[SourceDate "2016.10.10"]
[SourceVersion "1"]
[SourceVersionDate "2016.10.10"]
[SourceQuality "1"]
[WhiteTeam "Spain (W)"]
[BlackTeam "Kazakhstan (W)"]
[WhiteTeamCountry "ESP"]
[BlackTeamCountry "KAZ"]

1. Nf3 c5 2. c4 Nc6 3. Nc3 g6 4. g3 Bg7 5. Bg2 e6 6. 0-0 Nge7 7. d3 d5 8. Bg5 h6 9. Bd2 0-0 10. a3 b6 11. Rb1 a5 12. b3 Ba6 13. Qc1 Kh7 14. Rd1 Ra7 15. Na2 Nf5 16. Bc3 Ncd4 17. Nxd4 Nxd4 18. Qb2 Nf5 19. Bxg7 Nxg7 20. cxd5 exd5 21. d4 Rd7 22. Nc3 Ne6 23. dxc5 d4 24. Na4 bxc5 25. Rbc1 Rc7 26. Qd2 Qb8 27. Bd5 Bb5 28. Bxe6 Bxa4 29. bxa4 fxe6 30. Qxa5 Qa7 31. Qxa7 Rxa7 32. Rxc5 Rxa4 33. Rc7+ Kg8 34. Re7 Rf6 35. Rd3 Kf8 36. Rd7 e5 37. Rb3 Rf7 38. Rd6 Rg7 39. Rb8+ Ke7 40. Rc6 Ra7 41. Rcb6 Kf7 42. a4 g5 43. Rb5 Rxa4 44. Rxe5 Kf6 45. Re4 Kf5 46. f3 Rd7 47. Rb6 h5 48. Rbe6 1-0

[Event "Olympiad Women-42"]
[Site "Baku"]
[Date "2016.09.08"]
[Round "6.4"]
[White "Gara, Anita"]
[Black "Mukhit, Aisezym"]
[Result "1/2-1/2"]
[WhiteElo "2355"]
[BlackElo "2065"]
[PlyCount "174"]
[EventDate "2016.09.02"]
[EventType "team-swiss"]
[EventRounds "11"]
[EventCountry "AZE"]
[SourceTitle "CBM 174 Extra"]
[Source "ChessBase"]
[SourceDate "2016.10.10"]
[SourceVersion "1"]
[SourceVersionDate "2016.10.10"]
[SourceQuality "1"]
[WhiteTeam "Hungary (W)"]
[BlackTeam "Kazakhstan (W)"]
[WhiteTeamCountry "HUN"]
[BlackTeamCountry "KAZ"]

1. e4 c5 2. Nf3 e6 3. c4 a6 4. Nc3 Qc7 5. Be2 b6 6. 0-0 Bb7 7. d4 cxd4 8. Nxd4 Nf6 9. Qd3 d6 10. f4 Nbd7 11. b4 Rc8 12. Bd2 Be7 13. Rac1 0-0 14. f5 Ne5 15. Qg3 Qd7 16. Bh6 Ne8 17. f6 Bxf6 18. Rxf6 Kh8 19. Bxg7+ Nxg7 20. Qh3 Ng6 21. Rcf1 Kg8 22. Qh6 Qe7 23. Qg5 Rc7 24. h4 e5 25. Nf5 Nxf5 26. R1xf5 Kh8 27. Qh6 Rg8 28. Kh2 Nf4 29. Bf1 Rg6 30. Rxg6 Nxg6 31. Rh5 Nf8 32. Rg5 f6 33. Rf5 Nd7 34. Rf3 Qg7 35. Qh5 Qg6 36. Qxg6 hxg6 37. g4 Kg7 38. Kg3 Nf8 39. Nd5 Bxd5 40. exd5 Nd7 41. Ra3 a5 42. Ra4 axb4 43. Rxb4 Ra7 44. a4 Ra6 45. Bd3 Nc5 46. Bc2 Nd7 47. h5 gxh5 48. gxh5 Kh6 49. Kg4 Nc5 50. Kf5 e4 51. Bxe4 Nxe4 52. Kxe4 Kg5 53. Kd4 Kxh5 54. Rb1 f5 55. Ra1 Kg5 56. Ke3 f4+ 57. Ke4 Ra8 58. Rg1+ Kf6 59. Ra1 Kg5 60. Rg1+ Kf6 61. Rf1 Rxa4 62. Rxf4+ Kg5 63. Rf8 Rxc4+ 64. Kd3 Rf4 65. Rd8 Rf6 66. Rb8 Kf5 67. Rxb6 Ke5 68. Rb5 Rf4 69. Ke2 Rd4 70. Rb8 Kxd5 71. Rh8 Re4+ 72. Kd2 Kd4 73. Rh3 Rg4 74. Ra3 Rg2+ 75. Kd1 d5 76. Rh3 Kc4 77. Rf3 d4 78. Rh3 Kd5 79. Ra3 Rh2 80. Rg3 Ke4 81. Ra3 Kf4 82. Rb3 Ke4 83. Ra3 d3 84. Ra8 Ke3 85. Re8+ Kd4 86. Rd8+ Ke3 87. Re8+ Kd4 1/2-1/2

[Event "Samara Polugaevsky Memorial 6th"]
[Site "Samara"]
[Date "2016.07.03"]
[Round "1"]
[White "Yanchenko, Roman"]
[Black "Mukhit, Aisezym"]
[Result "1-0"]
[WhiteElo "2414"]
[BlackElo "2029"]
[PlyCount "71"]
[EventDate "2016.07.03"]
[EventType "swiss"]
[EventRounds "9"]
[EventCountry "RUS"]
[SourceTitle "EXT 2019"]
[Source "ChessBase"]
[SourceDate "2018.10.10"]
[SourceVersion "1"]
[SourceVersionDate "2018.10.10"]
[SourceQuality "1"]

1. d4 Nf6 2. c4 c5 3. Nf3 cxd4 4. Nxd4 b6 5. Nc3 Bb7 6. Bg5 a6 7. f3 e6 8. e4 d6 9. Be2 Be7 10. 0-0 Nbd7 11. Qe1 0-0 12. Rd1 Qc7 13. b3 Rfe8 14. Na4 d5 15. exd5 exd5 16. Qh4 dxc4 17. bxc4 Bc5 18. Rf2 Bd6 19. Nf5 Bf8 20. Bd3 Qc6 21. Bc2 Ne5 22. Bxf6 Ng6 23. Qd4 gxf6 24. Qxb6 Qxb6 25. Nxb6 Rad8 26. Nd7 Bg7 27. Rfd2 Bc8 28. Nxg7 Kxg7 29. Bxg6 hxg6 30. Nxf6 Re1+ 31. Rxe1 Rxd2 32. Ne8+ Kf8 33. Nc7 Bf5 34. a3 Rc2 35. Nxa6 Rxc4 36. Rd1 1-0

[Event "KAZ-ch (Women)"]
[Site "Almaty"]
[Date "2016.05.09"]
[Round "6"]
[White "Mukhit, Aisezym"]
[Black "Abdumalik, Zhansaya"]
[Result "1/2-1/2"]
[WhiteElo "1979"]
[BlackElo "2386"]
[PlyCount "266"]
[EventDate "2016.05.03"]
[EventType "tourn"]
[EventRounds "9"]
[EventCountry "KAZ"]
[SourceTitle "CBM 172 Extra"]
[Source "ChessBase"]
[SourceDate "2016.06.21"]
[SourceVersion "1"]
[SourceVersionDate "2016.06.21"]
[SourceQuality "1"]

1. e4 c5 2. Nf3 a6 3. c4 e6 4. d4 cxd4 5. Nxd4 Nf6 6. Nc3 Qc7 7. Be2 b6 8. 0-0 Bb7 9. Qd3 d6 10. f4 Nbd7 11. Nb3 h5 12. a4 Ng4 13. Rf3 Nc5 14. Nxc5 Qxc5+ 15. Be3 Nxe3 16. Qxe3 d5 17. cxd5 Qxe3+ 18. Rxe3 Bc5 19. Kf2 exd5 20. Nxd5 0-0-0 21. Rd1 Bxd5 22. exd5 Rhe8 23. Rc1 Rxe3 24. Rxc5+ Kb7 25. Kxe3 bxc5 26. Bxh5 Rh8 27. Bxf7 Rxh2 28. Kf3 Rh6 29. Be6 Kc7 30. d6+ Kxd6 31. Bc4 Ke7 32. b3 Rd6 33. Ke4 Kf6 34. Bd5 a5 35. g4 g5 36. fxg5+ Kxg5 37. Ke5 Rd7 38. Be6 Rd8 39. Bf5 Rd4 40. Be6 Rb4 41. Bc4 Kxg4 42. Kd5 Kf4 43. Kxc5 Ke4 44. Bb5 Rxb3 45. Kb6 Kd5 46. Kxa5 Kc5 47. Ka6 Rh3 48. Kb7 Rh7+ 49. Ka6 Rf7 50. Be8 Rc7 51. Bb5 Re7 52. Bf1 Re6+ 53. Kb7 Rb6+ 54. Kc7 Rf6 55. Bb5 Rf7+ 56. Bd7 Rf8 57. Bb5 Ra8 58. Kd7 Rh8 59. Ke6 Kd4 60. Kf5 Rf8+ 61. Ke6 Rf4 62. Bc6 Kc5 63. Bb5 Re4+ 64. Kf5 Re7 65. Kf6 Re1 66. Kf5 Kd5 67. Kf6 Re3 68. Kf7 Kd6 69. Kf8 Rf3+ 70. Kg7 Rf4 71. Kg6 Ke6 72. Kg5 Ke5 73. Kg6 Rf2 74. Kg7 Rf6 75. Bc4 Rf4 76. Bb3 Kd6 77. Kg6 Kc5 78. Kg5 Rd4 79. Kf5 Kb4 80. Be6 Kxa4 81. Kf6 Kb5 82. Ke5 Kc5 83. Kf6 Kd6 84. Bf7 Rf4+ 85. Kg7 Ke7 86. Bg8 Rg4+ 87. Kh8 Kf8 88. Bh7 Kf7 89. Bc2 Rd4 90. Bb3+ Kg6 91. Bc2+ Kh6 92. Bh7 Rh4 93. Bd3 Kg5+ 94. Bh7 Ra4 95. Kg7 Ra8 96. Bg8 Rb8 97. Kh8 Kf6 98. Kh7 Ke7 99. Kg7 Rb2 100. Kh8 Kf8 101. Bh7 Rg2 102. Be4 Rg8+ 103. Kh7 Rg4 104. Bd5 Rg7+ 105. Kh8 Rg4 106. Kh7 Rh4+ 107. Kg6 Rd4 108. Bb3 Rd7 109. Bc4 Ra7 110. Bb3 Rc7 111. Bd5 Ke7 112. Bf7 Kf8 113. Bb3 Rg7+ 114. Kh6 Ra7 115. Kg6 Rg7+ 116. Kh6 Rb7 117. Bd5 Rd7 118. Bb3 Ke7 119. Kg7 Rd3 120. Bg8 Rg3+ 121. Kh8 Kf8 122. Bh7 Kf7 123. Be4 Rg8+ 124. Kh7 Rg4 125. Bd5+ Kf6 126. Kh8 Kg6 127. Bb3 Rb4 128. Bc2+ Kf7 129. Bd3 Ra4 130. Bc2 Ra3 131. Be4 Ra5 132. Bd3 Ra3 133. Be4 Re3 1/2-1/2

[Event "KAZ-ch sf (Women)"]
[Site "Pavlodar"]
[Date "2016.02.09"]
[Round "4"]
[White "Bauyrzhan, Arnash"]
[Black "Mukhit, Aisezym"]
[Result "1-0"]
[WhiteElo "2018"]
[BlackElo "1996"]
[PlyCount "57"]
[EventDate "2016.02.05"]
[EventType "swiss"]
[EventRounds "9"]
[EventCountry "KAZ"]
[SourceTitle "CBM 171 Extra"]
[Source "ChessBase"]
[SourceDate "2016.04.26"]
[SourceVersion "1"]
[SourceVersionDate "2016.04.26"]
[SourceQuality "1"]

1. e4 c5 2. Nf3 a6 3. c4 e6 4. Nc3 d6 5. d4 cxd4 6. Nxd4 Nf6 7. Be2 Qc7 8. Be3 b6 9. f4 Bb7 10. Bd3 Nbd7 11. Qf3 Be7 12. Rc1 0-0 13. 0-0 Rac8 14. a3 Nc5 15. Bc2 Qb8 16. b4 Ncd7 17. Bd3 Qa8 18. g4 d5 19. cxd5 exd5 20. e5 Ne4 21. Qh3 Rfe8 22. g5 Nf8 23. Bxe4 dxe4 24. f5 Qb8 25. f6 Bd8 26. Nf5 Ne6 27. g6 Nf8 28. gxf7+ Kxf7 29. Nd6+ 1-0

[Event "Wch U18 Girls"]
[Site "Durban"]
[Date "2014.09.26"]
[Round "8"]
[White "Utiatskaja, Irina"]
[Black "Mukhit, Aisezym"]
[Result "1-0"]
[WhiteElo "2047"]
[BlackElo "2059"]
[PlyCount "71"]
[EventDate "2014.09.20"]
[EventType "swiss"]
[EventRounds "11"]
[EventCountry "RSA"]
[SourceTitle "CBM 162 Extra"]
[Source "ChessBase"]
[SourceDate "2014.10.17"]
[SourceVersion "1"]
[SourceVersionDate "2014.10.17"]
[SourceQuality "1"]

1. e4 d6 2. d4 Nf6 3. Nc3 e5 4. Nf3 Nbd7 5. Bc4 Be7 6. 0-0 0-0 7. Re1 c6 8. a4 a5 9. Ba2 exd4 10. Nxd4 Nc5 11. h3 Re8 12. Qf3 Qb6 13. Nf5 Bxf5 14. Qxf5 Bf8 15. Rb1 Re5 16. Qf4 Rae8 17. Be3 Qb4 18. f3 d5 19. Red1 Bd6 20. Qh4 Ne6 21. Kh1 c5 22. Bxd5 Nxd5 23. Nxd5 Qxa4 24. Nf6+ gxf6 25. Rxd6 Qxc2 26. Re1 Ng7 27. Rxf6 Rh5 28. Qf4 Rhe5 29. Qg3 Rh5 30. Bh6 Rxh6 31. Rxh6 Qxb2 32. Qh4 Qc3 33. Rd1 Qb3 34. Rd8 Qb1+ 35. Kh2 Qb2 36. Rxh7 1-0

[Event "Wch U18 Girls"]
[Site "Durban"]
[Date "2014.09.25"]
[Round "7"]
[White "Mukhit, Aisezym"]
[Black "Doan, Thi Hong Nhung"]
[Result "1-0"]
[WhiteElo "2059"]
[BlackElo "1903"]
[PlyCount "61"]
[EventDate "2014.09.20"]
[EventType "swiss"]
[EventRounds "11"]
[EventCountry "RSA"]
[SourceTitle "CBM 162 Extra"]
[Source "ChessBase"]
[SourceDate "2014.10.17"]
[SourceVersion "1"]
[SourceVersionDate "2014.10.17"]
[SourceQuality "1"]

1. e4 e6 2. d4 d5 3. exd5 exd5 4. Nf3 Bd6 5. Bd3 Bg4 6. 0-0 Qf6 7. Re1+ Ne7 8. Nbd2 Bf4 9. h3 Bxd2 10. Bxd2 Bxf3 11. gxf3 Nbc6 12. c3 0-0 13. Kh2 Ng6 14. Rg1 Nf4 15. Bc2 Ne7 16. Rg4 Neg6 17. Be3 Qd6 18. Qd2 f5 19. Bxf4 Nxf4 20. Rxf4 g5 21. Rg1 h6 22. Kh1 Qg6 23. Rfg4 Qh5 24. Rxg5+ hxg5 25. Rxg5+ Qxg5 26. Qxg5+ Kf7 27. Qxf5+ Ke7 28. Qe5+ Kd8 29. Qxd5+ Kc8 30. Bf5+ Kb8 31. Be4 1-0

[Event "Kostanay Ufimtsev Memorial"]
[Site "Kostanay"]
[Date "2014.06.10"]
[Round "8"]
[White "Mukhit, Aisezym"]
[Black "Kasachev, Yuriy"]
[Result "1/2-1/2"]
[WhiteElo "1921"]
[BlackElo "1707"]
[PlyCount "42"]
[EventDate "2014.06.04"]
[EventType "swiss"]
[EventRounds "9"]
[EventCountry "KAZ"]
[SourceTitle "EXT 2018"]
[Source "ChessBase"]
[SourceDate "2017.10.13"]
[SourceVersion "1"]
[SourceVersionDate "2017.10.13"]
[SourceQuality "1"]

1. d4 b5 2. e4 Bb7 3. Nd2 a6 4. Ngf3 e6 5. Bd3 Nf6 6. 0-0 c5 7. e5 Nd5 8. dxc5 Bxc5 9. Ne4 d6 10. Nfg5 Qe7 11. Qh5 g6 12. Qh6 Nc6 13. Qg7 0-0-0 14. Qxf7 Nxe5 15. Qxe7 Nxe7 16. Nxc5 dxc5 17. Bf4 Nxd3 18. Bc7 Rd7 19. cxd3 Kxc7 20. Nxe6+ Kb6 21. Rac1 Re8 1/2-1/2